Historia de la explotación salitrera en la Segunda Región de Antofagasta.
Salvato in:
| Autore principale: | |
|---|---|
| Altri autori: | , |
| Natura: | Libro |
| Pubblicazione: |
Antofagasta, Chile:
Universidad del Mar,
2007.
|
| Soggetti: | |
| Tags: |
Aggiungi Tag
Nessun Tag, puoi essere il primo ad aggiungerne!!
|
MARC
| LEADER | 00000cam a2200000 a 4500 | ||
|---|---|---|---|
| 001 | UCC8846 | ||
| 003 | CL-VaPUC | ||
| 005 | 20241021130400.0 | ||
| 008 | 241021t2007 ||||| |||| 00| 0 eng d | ||
| 999 | |c 375095 |d 375093 | ||
| 020 | |a 956-8319-04-2 | ||
| 040 | |c Pontificia Universidad Católica de Valparaíso | ||
| 082 | 0 | 4 | |a 553.64 AHU 2007 |2 21 |
| 100 | |a Ahumada Manchot, María Teresa |e autora |9 406830 | ||
| 245 | 1 | 0 | |a Historia de la explotación salitrera en la Segunda Región de Antofagasta. |
| 260 | |a Antofagasta, Chile: |b Universidad del Mar, |c 2007. | ||
| 300 | |a 75 páginas. | ||
| 500 | |a c. Fondo Budge Donación profesor Sr. Eduardo Cavieres. 05-08-2019. Para el profesor Eduardo Cavieres, con aprecio y admiración. 29 mayo 2009 | ||
| 583 | |a last modification |c 20190823 13:21:00 |k Rodrigo Vera | ||
| 650 | 0 | |a Oficinas salitreras |9 517885 | |
| 650 | 0 | |a Historia del salitre |2 CL-VaPUC |9 538655 | |
| 700 | |a Ardiles Vega, Héctor Javier |e autor |9 603578 | ||
| 700 | |a Díaz Valencia, Patricio Sergio |e autor |9 603579 | ||
| 942 | |c BK |2 ddc | ||
| 945 | |d 20190823 13:21:00 |a dcastane | ||
| 952 | |0 0 |1 0 |3 erb |4 0 |6 553_640000000000000_AHU_2007 |7 0 |8 X |9 493984 |a FDOBUD |b FDOBUD |i 5596408 |o 553.64 AHU 2007 |p 5596408 |r 2019-11-24 |w 2019-11-24 |y BK_X |z Catalogado en:20190823 |k BUD | ||